Półkula północna czy południowa - Statystyki

Ogólne statystyki
  • Ten quiz został rozwiązany 43 869 razy
  • Średni wynik to 14 z 18
Statystyki odpowiedzi
Zagadnienie Odpowiedź % Poprawnych
Londyn Północna
99%
Grenlandia Północna
98%
Rio de Janeiro Południowa
93%
Antarktyda Południowa
89%
Angola Południowa
88%
Tanzania Południowa
84%
Mount Everest Północna
83%
Piramidy w Gizie Północna
80%
Wyspa Wielkanocna Południowa
79%
Panama Północna
75%
Dolina Śmierci Północna
72%
Pustynia Kalahari Południowa
66%
Indie Północna
65%
Machu Picchu Południowa
65%
Nigeria Północna
64%
Zwrotnik Koziorożca Południowa
59%
Rów Mariański Północna
55%
Manila Północna
53%
Nie znaleziono quizów pasujących do podanych kryteriów
Rozkład punktacji
Procent ludzi z każdym wynikiem
Percentyl według liczby udzielonych odpowiedzi
Twoja historia wyników
Nie rozwiązałeś tego quizu